| 000 | 00451nam a2200181 4500 | ||
|---|---|---|---|
| 003 | OSt | ||
| 008 | 241005b |||||||| |||| 00| 0 eng d | ||
| 020 | _a978383432028 | ||
| 041 | _amal | ||
| 082 |
_a843 _bDUM/MO |
||
| 100 |
_aDumas, Alexandre _95383 |
||
| 245 | _aMoonnu padayalikal / | ||
| 250 | _a3rd ed. | ||
| 260 |
_aThiruvananthapuram : _bChintha Publishers, _c2023. |
||
| 300 | _a704p. | ||
| 700 |
_aMukkolakkal, Bitter C _96290 |
||
| 942 | _cBK | ||
| 999 |
_c18114 _d18114 |
||